| 000 -LEADER |
| fixed length control field |
00633nam a22002057a 4500 |
| 008 - FIXED-LENGTH DATA ELEMENTS--GENERAL INFORMATION |
| fixed length control field |
150721b xxu||||| |||| 00| 0 eng d |
| 020 ## - INTERNATIONAL STANDARD BOOK NUMBER |
| International Standard Book Number |
3540514686 |
| 020 ## - INTERNATIONAL STANDARD BOOK NUMBER |
| International Standard Book Number |
0387514686 |
| 020 ## - INTERNATIONAL STANDARD BOOK NUMBER |
| International Standard Book Number |
3540514686 |
| 041 0# - LANGUAGE CODE |
| Language code of text/sound track or separate title |
eng |
| 080 ## - UNIVERSAL DECIMAL CLASSIFICATION NUMBER |
| Universal Decimal Classification number |
007:52 |
| 100 1# - Rafti |
| Rafti |
Vukobratović, Miomir. |
| 245 10 - TITLE STATEMENT |
| Title |
Applied dynamics of manipulation robots : |
| Statement of responsibility, etc |
Miomir Vukobratović. |
| 260 ## - |
| -- |
Berlin ; |
| -- |
New York : |
| -- |
Springer-Verlag, |
| -- |
c1989. |
| 300 ## - |
| -- |
xiv, 471 f. |
| -- |
me il. ; |
| -- |
25 cm. |
| 500 ## - |
| -- |
Preface : f. [V]-XI |
| 505 ## - |
| -- |
Subject Index: f.468-471 |
| 650 #0 - |
| -- |
Robotika |
| -- |
Dinamika |
| 942 ## - ADDED ENTRY ELEMENTS (KOHA) |
| Source of classification or shelving scheme |
|
| Item type |
Books |